[Event "Ulm/Neu Ulm-ch"]
[Site "Ulm/Neu Ulm"]
[Date "2017.09.22"]
[Round "1"]
[White "Borowsky, Bernd"]
[Black "Lepschi, Albert"]
[Result "0-1"]
[WhiteElo "1294"]
[BlackElo "1717"]
[PlyCount "88"]
[EventDate "2017.09.22"]
[EventType "swiss"]
[EventRounds "7"]
[EventCountry "GER"]
[SourceTitle "EXT 2019"]
[Source "ChessBase"]
[SourceDate "2018.10.10"]
[SourceVersion "1"]
[SourceVersionDate "2018.10.10"]
[SourceQuality "1"]

1. e4 c6 2. d4 d5 3. exd5 cxd5 4. c4 Nf6 5. Nc3 e6 6. Nf3 Nc6 7. Bg5 Be7 8. a3 0-0 9. Bd3 h6 10. Bxf6 Bxf6 11. Bc2 dxc4 12. Ne4 Bxd4 13. Nxd4 Nxd4 14. Bb1 e5 15. h4 Bf5 16. Qh5 Qb6 17. Ra2 Qc6 18. f3 Qg6 19. Qxg6 Bxg6 20. h5 Bxe4 21. Bxe4 Rab8 22. Kf2 Rfd8 23. Rd1 b5 24. Raa1 Nb3 25. Rxd8+ Rxd8 26. Re1 f6 27. Re2 Nc1 28. Rc2 Nb3 29. Ke3 Kf7 30. g3 Ke6 31. g4 Kd6 32. Re2 Kc5 33. f4 a5 34. fxe5 fxe5 35. Rf2 Rd7 36. Rf8 Kd6 37. Rb8 Nd4 38. Rb6+ Kc5 39. Rb7 Rxb7 40. Bxb7 b4 41. a4 c3 42. bxc3 bxc3 43. Be4 c2 44. Kd2 Kb4 0-1

[Event "Ulm/Neu Ulm-ch"]
[Site "Ulm/Neu Ulm"]
[Date "2008.10.19"]
[Round "4"]
[White "Foerderreuther, Jonas"]
[Black "Lepschi, Albert"]
[Result "1/2-1/2"]
[WhiteElo "1510"]
[BlackElo "1674"]
[PlyCount "74"]
[EventDate "2008.09.19"]
[EventType "swiss"]
[EventRounds "7"]
[EventCountry "GER"]
[SourceTitle "EXT 2011"]
[Source "ChessBase"]
[SourceDate "2010.11.26"]
[SourceVersion "1"]
[SourceVersionDate "2010.11.26"]
[SourceQuality "1"]

1. e4 c6 2. d4 d5 3. f3 e6 4. Nc3 Nf6 5. e5 Nfd7 6. f4 c5 7. Nf3 Nc6 8. Be3 a6 9. Be2 cxd4 10. Nxd4 Nxd4 11. Bxd4 b5 12. a3 Nb6 13. 0-0 Bd7 14. Bd3 g6 15. f5 gxf5 16. Bxf5 exf5 17. e6 Bxe6 18. Bxh8 Nc4 19. Re1 Be7 20. Bd4 Nxb2 21. Qh5 Qd6 22. Qxh7 0-0-0 23. Nxb5 axb5 24. Bxb2 d4 25. Qh5 Bf6 26. Qe2 Bc4 27. Qf3 Qc5 28. Qa8+ Kc7 29. Qa5+ Kb7 30. Qb4 Qb6 31. Kh1 Rh8 32. Re7+ Kb8 33. Rae1 Be6 34. R7xe6 fxe6 35. a4 Kb7 36. Qxb5 Qxb5 37. axb5 e5 1/2-1/2

[Event "Ulm/Neu Ulm-ch"]
[Site "Ulm/Neu Ulm"]
[Date "2006.11.17"]
[Round "5"]
[White "Lepschi, Albert"]
[Black "Nuber, Reinhard"]
[Result "1/2-1/2"]
[WhiteElo "1667"]
[BlackElo "1790"]
[PlyCount "49"]
[EventDate "2006.09.22"]
[EventType "swiss"]
[EventRounds "7"]
[EventCountry "GER"]
[SourceTitle "EXT 2011"]
[Source "ChessBase"]
[SourceDate "2010.11.26"]
[SourceVersion "1"]
[SourceVersionDate "2010.11.26"]
[SourceQuality "1"]

1. d4 Nf6 2. Nf3 g6 3. Bf4 Bg7 4. e3 0-0 5. Bd3 c5 6. c3 b6 7. Nbd2 d5 8. Qc2 Ba6 9. 0-0-0 Bxd3 10. Qxd3 Nc6 11. Rdg1 Ng4 12. Qe2 e5 13. dxe5 Ngxe5 14. Nxe5 Nxe5 15. Bxe5 Bxe5 16. Nf3 Bg7 17. Rd1 Qd7 18. Rd2 Rad8 19. Rhd1 Qc6 20. Kb1 Bf6 21. Qd3 b5 22. Qc2 a5 23. Rd3 b4 24. c4 dxc4 25. Qxc4 1/2-1/2

[Event "Ulm/Neu Ulm-ch"]
[Site "Ulm/Neu Ulm"]
[Date "2005.??.??"]
[Round "?"]
[White "Lepschi, Albert"]
[Black "Zahn, Achim"]
[Result "1/2-1/2"]
[WhiteElo "1676"]
[BlackElo "1642"]
[PlyCount "71"]
[EventDate "2005.11.26"]
[EventType "swiss"]
[EventRounds "7"]
[EventCountry "GER"]
[SourceTitle "EXT 2011"]
[Source "ChessBase"]
[SourceDate "2010.11.26"]
[SourceVersion "1"]
[SourceVersionDate "2010.11.26"]
[SourceQuality "1"]

1. e4 e6 2. d4 d5 3. Nd2 Nf6 4. e5 Nfd7 5. Ngf3 c5 6. c3 Nc6 7. Nb3 cxd4 8. cxd4 Bb4+ 9. Bd2 Bxd2+ 10. Qxd2 f6 11. exf6 Nxf6 12. Bd3 0-0 13. 0-0 Qd6 14. Rfe1 Ng4 15. h3 Nf6 16. Rad1 Bd7 17. Ne5 Rae8 18. Qg5 Nb4 19. Bb1 Ba4 20. Re3 Bxb3 21. Rxb3 Re7 22. Qh4 Qa6 23. Rxb4 Qe2 24. Rf1 Rc7 25. Rb3 Rfc8 26. Bd3 Qd2 27. Nf3 Qa5 28. a3 Rc1 29. Rxb7 Rxf1+ 30. Bxf1 Rc1 31. Qg5 Rxf1+ 32. Kxf1 Qa6+ 33. Kg1 Qxb7 34. b4 Qa6 35. Qe5 Nd7 36. Qc7 1/2-1/2

[Event "Ulm/Neu Ulm-ch"]
[Site "Ulm/Neu Ulm"]
[Date "2004.11.19"]
[Round "6"]
[White "Lepschi, Albert"]
[Black "Pletz, Bernd"]
[Result "1-0"]
[WhiteElo "1699"]
[BlackElo "1270"]
[PlyCount "109"]
[EventDate "2004.09.17"]
[EventType "swiss"]
[EventRounds "7"]
[EventCountry "GER"]
[SourceTitle "EXT 2011"]
[Source "ChessBase"]
[SourceDate "2010.11.26"]
[SourceVersion "1"]
[SourceVersionDate "2010.11.26"]
[SourceQuality "1"]

1. e4 c5 2. Nf3 d6 3. Bb5+ Bd7 4. Bxd7+ Qxd7 5. 0-0 e6 6. d3 Be7 7. Nbd2 Nf6 8. Nc4 0-0 9. Bg5 b5 10. Ne3 b4 11. a3 Nc6 12. c3 bxc3 13. bxc3 Rfb8 14. Qc2 h6 15. Bh4 Rb7 16. Rab1 Rab8 17. d4 cxd4 18. cxd4 Rxb1 19. Rxb1 Rxb1+ 20. Qxb1 g5 21. Bg3 g4 22. d5 gxf3 23. dxc6 Qxc6 24. gxf3 Kg7 25. Qd1 Kg6 26. a4 a5 27. Qd4 Qc7 28. Qc4 Qb6 29. Qb5 Bd8 30. Qxb6 Bxb6 31. Nc4 Bd8 32. Bxd6 Nd7 33. Bf4 Nc5 34. Ne5+ Kg7 35. Bxh6+ Kf6 36. Nc4 Nxa4 37. Bd2 Nc5 38. Nxa5 Kg6 39. Nc4 Nd7 40. Bc3 Nf6 41. Ne5+ Kg7 42. Ng4 Kg6 43. Bxf6 Bxf6 44. Nxf6 Kxf6 45. f4 Kg6 46. Kg2 Kh5 47. Kg3 f6 48. Kh3 f5 49. f3 Kg6 50. Kg3 Kh5 51. exf5 exf5 52. Kf2 Kh4 53. Ke3 Kh5 54. Kd4 Kg6 55. Ke5 1-0

[Event "Donau op 03rd"]
[Site "Aschach"]
[Date "1994.??.??"]
[Round "?"]
[White "Lepschi, Albert"]
[Black "Fuchs, Thomas"]
[Result "0-1"]
[WhiteElo "1605"]
[BlackElo "1605"]
[PlyCount "34"]
[EventDate "1994.12.??"]
[EventType "swiss"]
[EventRounds "7"]
[EventCountry "AUT"]
[SourceTitle "EXT 1997"]
[Source "ChessBase"]
[SourceDate "1996.11.15"]
[SourceVersion "1"]
[SourceVersionDate "1996.11.15"]
[SourceQuality "1"]

1. d4 e5 2. dxe5 Nc6 3. Nf3 Qe7 4. Bg5 Qb4+ 5. Nbd2 Qxb2 6. Qb1 Qc3 7. Qb3 Qxa1+ 8. Nb1 Nxe5 9. Bd2 Nxf3+ 10. exf3 Qe5+ 11. Be2 Bd6 12. f4 Qe4 13. f3 Qe7 14. Kf2 Bc5+ 15. Kg3 Nf6 16. Bc4 d5 17. Re1 Nh5# 0-1